000 01352nam a2200313Ia 4500
001 A4842
003 IT-RoPAU
008 130308s9999 xx 000 0 und d
040 _aIT-RoPAU
040 _cIT-RoPAU
041 _aITALIANO
100 _aLowenthal Leo
100 _gCodice Aut. SPICS: 4476
240 _aCALIBANS ERBE
240 _gCodice Tit. Orig. Spics: T1174
245 _aRoghi dei libri (I)-L'eredità di Calibano
245 _bRoghi dei libri (I)-L'Eredita' di Calibano
250 _a1a ed.
260 _aGENOVA
260 _bIl Melangolo
260 _c1991 [1° Ed.:1991 - Ed.Ling.Originale:1984]
300 _a"54 p. (prefazione: no ; testo: 54 [pagine: 0-0])"
500 _aNella Primavera del 1933 Hitler Volle Celebrare la vittoria del Nazionalsocialismo con un Solenne rogo dei Libri. l'autore Visse Quell'Evento con L'Angoscia di un giovane Filosofo Ebreo, Costretto Dalle leggi Razziali Ad Abbandonare la Germania. Rievoca a Distanza di Decenni la Storia di Quel rito Dall'Antica Cina al Xx Secolo. Alternarsi di Civiltà e Barbarie di Cui è Intessuto Il Cammino dell'Umanità. Estinzione della Storia. Azione Igienica di Repulisti. Liquidazione del Soggetto.
650 _aSOCIOLOGIA DELLA COMUNICAZIONE SOCIALE
650 _eCodice materia Spics: 3806
942 _cBK
957 _71
999 _c89530
_d89530
999 _g1